000 00778nam a2200229Ii 4500
003 JO-AjNU
008 230605s9999||||xx |||||||||||||| ||und||
017 _a89/7867
020 _a977-1422-49-9
040 _aJO-AjNU
_bara
_erda
_cJO-AjNU
041 _aara
050 1 4 _aBP170.85 1991
100 3 _aجريشة، علي,
_eauthor
_919723
245 0 0 _aأدب الحوار والمناظرة
250 _aط2
264 3 1 _aالمنصورة: دار الوفاء للطباعة والنشر والتوزيع، 1991
300 _a163ص
336 _atext
_btxt
_2rdacontent
337 _aunmediated
_bn
_2rdamedia
338 _avolume
_bnc
_2rdacarrier
650 4 _aالحوار في الاسلام- الاخلاق الاسلامية- الاداب الاسلامية
_919724
999 _aA6559
_c10127
_d10127